| 000 | 00828nam a22002177a 4500 | ||
|---|---|---|---|
| 999 |
_c8539 _d8539 |
||
| 003 | AR-CdUCM | ||
| 008 | 190325b ||||| |||| 00| 0 spa d | ||
| 040 |
_aMUNICIPALIDAD PROVINCIAL DEL CUSCO _cBIBLIOTECA MUNICIPAL DEL CUSCO |
||
| 082 |
_a633.4 / _bP25 |
||
| 110 |
_aEditorial Mercurio S.A _915773 |
||
| 245 |
_aPapa Peruana : _bcultivo y produccion / |
||
| 260 |
_aPerú : _bMercurio S.A. , _c1987. |
||
| 300 |
_a214 páginas : _c19 cm. |
||
| 440 |
_aBiblioteca la Chacra _923912 |
||
| 505 | _aContenido : Papa -- patata -- Clima -- El clima del Perú -- Suelos y Clima -- Suelos del Perú -- El hombre frente al clima -- Hortalizas de media estacion : Patatas -- Semilla... | ||
| 650 |
_aLa Papa Peruana _923913 |
||
| 650 |
_aTuberculos Andinos _923914 |
||
| 650 |
_aLa papa _923915 |
||
| 942 |
_2ddc _cLIBROS |
||
| 945 | _artm | ||